| 000 | 00748cam a2200205 a 4500 | ||
|---|---|---|---|
| 020 | _a0471125792 (cloth : acidfree paper) | ||
| 040 | _cDLC | ||
| 082 | 0 | 0 | _a540 WIL 1998 A030 Or. |
| 100 | 1 | _aMaizell, Robert E. | |
| 245 | 1 | 0 |
_aHow to find chemical information : _ba guide for practicing chemists, educators, and students / |
| 250 | _a3rd ed. | ||
| 260 |
_aNew York : _bWiley, _cc1998. |
||
| 300 |
_axxiii, 515 p. : _bill. ; _c24 cm. |
||
| 500 | _a"A Wiley-Interscience publication." | ||
| 650 | 0 | _aChemical literature. | |
| 856 | 4 | 2 | _uhttp://www.loc.gov/catdir/bios/wiley041/97029120.html |
| 856 | 4 | 2 | _uhttp://www.loc.gov/catdir/description/wiley031/97029120.html |
| 856 | 4 | _uhttp://www.loc.gov/catdir/toc/onix01/97029120.html | |
| 942 | _cEK | ||
| 999 |
_c11769 _d11769 |
||